00640nam a2200193Ia 4500003000900000008004100009020001800050040001600068080002300084245013800107260003000245300001400275490005100289650002500340650001700365650002000382700002200402700002200424IN-BaIIA211028s9999 xx 000 0 eng d a1-4020-3293-5 cIIA Library a52(082.1)bASS-325 0aKristian Birkelandbthe first space scientistcedited by Alv Egeland and W. J. Burke  aDordrechtbSpringerc2005 aix, 221p. aAstrophysics and space science library; v. 325 aScientific biography aSolar system aSpace scientist aBurke, W. J., ed. aEgeland, Alv, ed.